• 首页
  • 本馆介绍
  • 公告通知
  • 最新文献
  • 馆藏检索
  • 电子资源
  • 读者导购
  • 参考咨询
  • 我的图书馆
  • 登录
  • 详细信息显示
  • 放入我的书架
  • 预约/预借图书
  • 作者相关作品
  • 分类相关作品
  • 丛书相关作品
  • 出版社相关作品

书目信息

  • 表格格式
  • 工作单格式
  • 卡片格式
题名:
结构力学习题集
    
 
作者: ;钟朋 主编 ;华南工学院建筑力学教研组 , 华东水利学院工程力学教研组合 , 西安冶金建筑学院力学教研组 编
分册:  
出版信息: 北京   人民教育出版社  1979.4
页数: 225页
开本: 20cm
丛书名:
单 册:
中图分类: O342
科图分类:
主题词: 固体力学
电子资源:
ISBN:
000 00933nam0 2200241 45
001 0405180897
005 20060819171556.18
010    @dCNY0.68
091    @a15012.0130
100    @a20040518d1979 km y0chiy0120 ea
101 0  @achi
200 1  @a结构力学习题集@AJie Gou Li Xue Xi Ti Ji@f西安冶金建筑学院力学教研组,华南工学院建筑力学教研组,华东水利学院工程力学教研组合编@FXi An Ye Jin JianZhu Xue Yuan Li Xue Jiao Yan Zu,Hua Nan Gong Xue Yuan Jian Zhu Li Xue Jiao Yan Zu,Hua Dong Shui Li Xue Yuan Gong Cheng Li Xue Jiao Yan Zu He Bian@g钟朋主编
210    @a北京@c人民教育出版社@d1979.4
215    @a225页@d20cm@c图
300    @a高等学校教学参考书
606 0  @a固体力学
690    @aO342@v3
702  0 @a钟朋@AZhong Peng@4主编
711 02 @a华南工学院建筑力学教研组@4编
711 02 @a华东水利学院工程力学教研组合@4编
711 02 @a西安冶金建筑学院力学教研组@4编
801    @aCN@bPftUser@c20060819
905    @dO342@e15:2@f1@b63666
    
    结构力学习题集/西安冶金建筑学院力学教研组,华南工学院建筑力学教研组,华东水利学院工程力学教研组合编/钟朋主编.-北京:人民教育出版社,1979.4
    225页;20cm:图
    高等学校教学参考书
    
    ISBN :CNY0.68
    
●
相关链接 在E读中查询图书 在五车中查询图书 在当当中查询图书 在豆瓣中查询图书


正题名:结构力学习题集     索取号:O342/15:2         预约/预借

序号 登录号 条形码 馆藏地/架位号 状态 备注
1 0063663   000385247   第三借阅区/ [索取号:O342/15:2] 在馆    
2 0063665   000385238   第三借阅区/ [索取号:O342/15:2] 在馆    
3 0063666   001937961   第三借阅区/ [索取号:O342/15:2] 在馆    
4 0063667   000385256   第二样本阅览室/ [索取号:O342/15:2] 在馆    
5 0074213   202098185   第二样本阅览室/ [索取号:O342/15:2] 在馆    
6 0468952   204689523   密集书库/ [索取号:O342/15:2] 在馆    
唐山师范学院图书馆 欢迎您!
大连网信软件有限公司© 版权所有